Tilastot visalle Hedelmät ja marjat suomeksi

Klikkaa tästä pelataksesi tätä visaa!

Yleistilastot

  • Tätä visaa on pelattu 65 kertaa
  • Keskiarvotulos 33 / 47

Vastaustilastot

Vastaus% Oikein
mansikka
98%
mustikka
98%
puolukka
96%
appelsiini
94%
kirsikka
94%
lakka
94%
mandariini
94%
vadelma
94%
ananas
92%
banaani
92%
kiivi
92%
päärynä
92%
omena
90%
mango
88%
persikka
88%
pihlajanmarja
88%
vesimeloni
88%
avokado
86%
lime
86%
luumu
86%
hilla
84%
sitruuna
84%
juolukka
82%
karviainen
82%
mustaherukka
82%
punaviinimarja
80%
karhunvatukka
76%
granaattiomena
71%
viinirypäle
71%
tyrni
67%
variksenmarja
67%
greippi
59%
ruusunmarja
59%
katajanmarja
57%
aprikoosi
55%
karpalo
55%
klementiini
55%
papaija
55%
taateli
55%
meloni
45%
nektariini
45%
viikuna
37%
ananaskirsikka
27%
sianpuolukka
22%
passiohedelmä
16%
pitaija
16%
kaki
6%

Tulosjakauma

Persentiili vastausten määrän mukaan

Jokaisen tuloksen saaneiden osuus

Tuloshistoriasi

Et ole pelannut tätä visaa